000 00792nam a2200193 a 4500
008 120416s1990 ||||||||||||||||| || u
020 _a0716781840
050 _aTK 5103.7 Ham
100 _aHambley, Allan R
245 1 3 _aAn introduction to communication systems
260 _aNew York:
_bComputer Science Press
_c1990
300 _axiii, 638p.: ill.
350 _a0.00
490 _aElectrical engineering, communications, and signal processing
490 _vElectrical engineering communications and signal processing series.
500 _aIncludes bibliographical references and index.
650 _aDIGITAL COMMUNICATIONS
995 _D0.00
_FCBU-MAIN LIBRARY (Kitwe)
_H1
_I43.95
_UAVAILABLE
_ZMain Library Open Access Collection
999 _c47657
_d47657